Zahraničný obchod SR: bude horšie, aby mohlo byť lepšie

Vývoj zahraničného obchodu Slovenska od roku 2003. Striedanie aktívnej a pasívnej obchodnej bilancie. Vývoj slovenského vývozu a dovozu. Nárast priamych zahraničných investícií v r. 2004. Dynamika technologických importov. Stabilizácia medziročnej negatívnej dynamiky pri vozidlách, lietadlách, plavi...

Ausführliche Beschreibung

Gespeichert in:
Bibliographische Detailangaben
1. Verfasser: Vaňo, Vladimír
Weitere Verfasser: Kovalčík, Ján
Format: Buchkapitel
Sprache:Slowakisch
Schlagworte:
Tags: Tag hinzufügen
Keine Tags, Fügen Sie das erste Tag hinzu!

MARC

LEADER 00000naa$a2200000$$$4500
001 0027150
005 20231009081350.2
041 0 |a slo 
044 |a SK 
245 1 0 |a Zahraničný obchod SR: bude horšie, aby mohlo byť lepšie  |c Vladimír Vaňo, Ján Kovalčík 
520 |a Vývoj zahraničného obchodu Slovenska od roku 2003. Striedanie aktívnej a pasívnej obchodnej bilancie. Vývoj slovenského vývozu a dovozu. Nárast priamych zahraničných investícií v r. 2004. Dynamika technologických importov. Stabilizácia medziročnej negatívnej dynamiky pri vozidlách, lietadlách, plavidlách a dopravných zariadeniach. Pokles vývozu automobilov a ich komponentov v r. 2004. Najväčšou mierou k rastu vývozu prispeli popri strojoch a zariadeniach hutnícke a ropné produkty. Predpoklad exportnej dynamiky na r. 2005. 
610 2 0 |a obchod zahraničný 
610 2 0 |a bilancia obchodná 
610 2 0 |a dovoz 
610 2 0 |a vývoz 
610 2 0 |a investície priame zahraničné 
610 2 0 |a Slovensko 
610 2 0 |a 2003-2005 
100 1 |a Vaňo, Vladimír 
700 1 |a Kovalčík, Ján